| 000 | 00341nam a2200121Ia 4500 | ||
|---|---|---|---|
| 008 | 180205s9999 xx 000 0 und d | ||
| 020 | _a9781442277748 | ||
| 100 | _aGendrich, Cynthia M. | ||
| 245 |
_cArher, Stephen _aTheatre its arts & craft / |
||
| 250 | _a7th ed | ||
| 260 |
_aLondon : _bRowman & Littlefield _c2017 |
||
| 300 | _av, 298 pages | ||
| 999 |
_c354931 _d354931 |
||